00614 2200205 4500001002100000005001700021008004100038020002200079035002400101043001300125082001100138090002000149100001900169245008700188260004300275300003500318650002000353850001200373990002300385YOGYA-1011000000019220111010233542.0 ind  a978-979-22-6318-3 0010-101100000000192 aYOPD DIY a959.85 aQ 959.85bKri W aKRISHNA, Anand aThe wisdom of Bali = The sacred science of creating heaven on erathcAnand Krishna aJakartabGramedia Pustaka Utamac2010. a151 hlmbilusc27 cm [ 3 eks ] aKebudayaan Bali aYOPDYOG a833-835-PD/B.11b3